Digital video for dummies /

Bibliographic Details
Main Author: Underdahl, Keith
Corporate Author: NetLibrary, Inc
Other Authors: Doucette, Martin
Format: eBook
Language:English
Published: New York, NY : Wiley Pub., [2003]
Edition:3rd ed.
Series:--For dummies.
Subjects:
Online Access:Connect to the full text of this electronic book

MARC

Tag First Indicator Second Indicator Subfields
LEADER 00000cam a2200000Ia 4500
001 in00002007115
005 20190326101630.0
006 m d
007 cr cnu---unuuu
008 031212s2003 nyua s 001 0 eng d
020 |a 0764558994 (electronic bk.) 
020 |a 9780764558993 (electronic bk.) 
035 |a (OCoLC)ocm53898728 
035 |a (OCoLC)53898728 
040 |a N$T  |c N$T  |d UtOrBLW 
049 |a TXAM 
050 1 4 |a TR896  |b .U53 2003eb 
082 0 4 |a 778.59  |2 22 
100 1 |a Underdahl, Keith. 
245 1 0 |a Digital video for dummies /  |c by Keith Underdahl. 
250 |a 3rd ed. 
264 1 |a New York, NY :  |b Wiley Pub.,  |c [2003] 
264 4 |c ©2003 
300 |a xx, 375 pages :  |b illustrations +  |e 1 CD-ROM (4 3/4 in.) 
336 |a text  |b txt  |2 rdacontent 
337 |a computer  |b c  |2 rdamedia 
338 |a online resource  |b cr  |2 rdacarrier 
490 1 |a --For dummies 
500 |a Revised edition of: Digital video for dummies / Martin Doucette. 2nd edition c2001. 
500 |a Includes index. 
533 |a Electronic reproduction.  |b Boulder, Colo. :  |c NetLibrary,  |d 2003.  |n Available via World Wide Web.  |n Access may be limited to NetLibrary affiliated libraries.  |n "Excludes data from the CD-ROM which accompanied the original book." 
500 |a Electronic resource. 
650 0 |a Video recording  |v Amateurs' manuals. 
650 0 |a Video tapes  |x Editing  |v Amateurs' manuals. 
650 0 |a Digital video  |v Amateurs' manuals. 
655 7 |a Electronic books.  |2 local 
700 1 |a Doucette, Martin.  |t Digital video for dummies. 
710 2 |a NetLibrary, Inc. 
776 1 |c Original  |z 0764541145  |w (DLC) 2003105656  |w (OCoLC)53073559 
830 0 |a --For dummies. 
856 4 0 |u http://proxy.library.tamu.edu/login?url=http://www.netLibrary.com/urlapi.asp?action=summary&v=1&bookid=100952  |z Connect to the full text of this electronic book  |t 0 
994 |a 92  |b TXA 
999 |a MARS 
999 f f |s 6430b7f0-536f-3bf4-ad47-c2429d97e89c  |i 3e814044-24dc-3847-968c-40e75f1baf30  |t 0 
952 f f |a Texas A&M University  |b College Station  |c Electronic Resources  |d Available Online  |t 0  |e TR896 .U53 2003eb  |h Library of Congress classification 
998 f f |a TR896 .U53 2003eb  |t 0  |l Available Online